Wszyscy zwycięzcy Serie A - Statystyki

Ogólne statystyki
  • Ten quiz został rozwiązany 242 razy
  • Średni wynik to 9 z 16
Statystyki odpowiedzi
Wygrane Odpowiedź % Poprawnych
19 Inter
99%
36 Juventus
99%
19 AC Milan
98%
3 Napoli
92%
3 Roma
86%
2 Lazio
78%
7 Torino
69%
2 Fiorentina
62%
7 Bologna
51%
9 Genoa
51%
1 Sampdoria
42%
1 Cagliari
24%
1 Hellas Verona
24%
1 Citta di Casale
1%
7 FC Pro Vercelli
1%
1 ASD Novese
0%
Nie znaleziono quizów pasujących do podanych kryteriów
Rozkład punktacji
Procent ludzi z każdym wynikiem
Percentyl według liczby udzielonych odpowiedzi
Twoja historia wyników
Nie rozwiązałeś tego quizu